Statistics for 南京地铁基本常识

Click here to take the quiz!

General Stats

  • This quiz has been taken 101 times
    (83 since last reset)
  • The average score is 9 of 15

Answer Stats

QuestionAnswer% Correct
南京地铁的一句经典名梗是:你走你的______,我过我的______。经天路;油坊桥
91%
南京地铁第一条线路的开通年份2005
76%
南京地铁的首条跨市线路是S6
76%
这条线路当时的的首末站是迈皋桥——奥体中心
72%
这次事故的影响不包括南京开始大规模建设郊区线
71%
以下哪一站是天地换乘站安德门
68%
南京地铁服务热线是51899999
67%
南京某地铁站在建设时发生了严重的事故,并影响了整个线网规划,这一站是集庆门大街
65%
在南京地铁规划中存在一条穿城快线,这条线路是18号线
62%
以下哪条线路并没有使用阿尔斯通鱼车7号线
58%
南京地铁编组最小的线路是S9
58%
南京地铁里程的历史最高排名是3
47%
南京地铁第一座越行站是南京猿人洞
45%
以下哪条线路使用了A车3号线
42%
这一排名持续时间是2018.5——2018.12
23%

Score Distribution

Percentile by Number Answered

Percent of People with Each Score

Your Score History

You have not taken this quiz since the last reset